Formule 1 - Vainqueurs du GP de Kyalami, Afrique du Sud - Statistiques

Statistiques générales
  • Ce quiz a été pris 28 fois
  • Le résultat moyen est 15 sur 20
Statistiques - réponses
Années Pilotes % Correct
1982 Alain Prost
100%
1993 Alain Prost
100%
1985 Nigel Mansell
95%
1992 Nigel Mansell
95%
1976 Niki Lauda
95%
1977 Niki Lauda
95%
1984 Niki Lauda
95%
1969 Jackie Stewart
90%
1973 Jackie Stewart
90%
1972 Denny Hulme
81%
1968 Jim Clark
81%
1971 Mario Andretti
81%
1979 Gilles Villeneuve
62%
1975 Jody Scheckter
62%
1980 René Arnoux
62%
1970 Jack Brabham
57%
1974 Carlos Reutemann
52%
1978 Ronnie Peterson
52%
1967 Pedro Rodriguez
24%
1983 Riccardo Patrese
24%
Aucun quiz correspondant
Distribution des résultats
% des personnes avec chaque résultat
Percentile par nombre de réponses
Votre historique - résultats
Vous n’avez pas pris ce quiz